[Event "Kiel op 35th"]
[Site "Kiel"]
[Date "2023.08.04"]
[Round "9"]
[White "Kieselbach, Jannik"]
[Black "Busse, Tom Niklas"]
[Result "1/2-1/2"]
[WhiteElo "1757"]
[BlackElo "1984"]
[PlyCount "39"]
[EventDate "2023.07.29"]
[EventType "swiss"]
[EventRounds "9"]
[EventCountry "GER"]
[SourceTitle "CBM 215 Extra"]
[Source "ChessBase"]
[SourceDate "2023.09.30"]
[SourceVersion "1"]
[SourceVersionDate "2023.09.30"]
[SourceQuality "1"]

1. e4 c6 2. Nc3 d5 3. Nf3 dxe4 4. Nxe4 Nf6 5. Nxf6+ exf6 6. d4 Bd6 7. Bd3 0-0 8. 0-0 Bg4 9. h3 Bh5 10. Bf5 Na6 11. a3 Nc7 12. Qd3 Bg6 13. Nh4 Bxf5 14. Nxf5 Re8 15. Bd2 Ne6 16. Rfe1 Bc7 17. c3 g6 18. Ng3 h5 19. Rad1 Qd6 20. Qf3 1/2-1/2

[Event "Kiel op 35th"]
[Site "Kiel"]
[Date "2023.08.02"]
[Round "7"]
[White "Fenner, Martin"]
[Black "Busse, Tom Niklas"]
[Result "1-0"]
[WhiteElo "1888"]
[BlackElo "1984"]
[PlyCount "135"]
[EventDate "2023.07.29"]
[EventType "swiss"]
[EventRounds "9"]
[EventCountry "GER"]
[SourceTitle "CBM 215 Extra"]
[Source "ChessBase"]
[SourceDate "2023.09.30"]
[SourceVersion "1"]
[SourceVersionDate "2023.09.30"]
[SourceQuality "1"]

1. g3 d5 2. c4 d4 3. Nf3 Nc6 4. Bg2 e5 5. d3 Bb4+ 6. Bd2 a5 7. 0-0 Nf6 8. Bg5 h6 9. Bxf6 Qxf6 10. a3 Bc5 11. Nbd2 Qd8 12. b4 axb4 13. Nb3 Be7 14. axb4 Rxa1 15. Qxa1 Bxb4 16. Qa4 0-0 17. Nxe5 Nxe5 18. Qxb4 b6 19. c5 Qe7 20. Qxd4 Rd8 21. Qc3 Qf6 22. d4 Ng6 23. cxb6 cxb6 24. e3 Ba6 25. Rc1 Ne7 26. Nd2 h5 27. Qa3 Be2 28. Ne4 Qe6 29. Ng5 Qf6 30. h4 Bg4 31. Rc7 Bd7 32. Qa7 Qd6 33. Ne4 Qe6 34. Ng5 Qd6 35. Rb7 Nd5 36. Ne4 Qc6 37. Rb8 Rxb8 38. Qxb8+ Qc8 39. Qxc8+ Bxc8 40. Nd6 Ne7 41. Nxc8 Nxc8 42. Kf1 Kf8 43. Ke2 Ke7 44. Kd3 Kd6 45. Kc4 Na7 46. e4 f6 47. f4 b5+ 48. Kc3 Nc6 49. d5 b4+ 50. Kb3 Nd4+ 51. Kxb4 Ne2 52. Kc4 Nxg3 53. Bf3 g6 54. Kd4 Kd7 55. Ke3 Nf1+ 56. Ke2 Nh2 57. Kf2 Kd6 58. Kg2 Nxf3 59. Kxf3 f5 60. Ke3 Kc5 61. Kd3 Kd6 62. Kd4 fxe4 63. Kxe4 Kd7 64. Ke5 Ke7 65. d6+ Kf7 66. Kd5 Ke8 67. Ke6 Kd8 68. d7 1-0

[Event "Kiel op 35th"]
[Site "Kiel"]
[Date "2023.08.01"]
[Round "6"]
[White "Busse, Tom Niklas"]
[Black "Kort, Felix"]
[Result "1-0"]
[WhiteElo "1984"]
[BlackElo "1837"]
[PlyCount "36"]
[EventDate "2023.07.29"]
[EventType "swiss"]
[EventRounds "9"]
[EventCountry "GER"]
[SourceTitle "CBM 215 Extra"]
[Source "ChessBase"]
[SourceDate "2023.09.30"]
[SourceVersion "1"]
[SourceVersionDate "2023.09.30"]
[SourceQuality "1"]

1. Nf3 Nf6 2. g3 d5 3. Bg2 c5 4. d4 cxd4 5. 0-0 Bg4 6. Ne5 Bf5 7. g4 Be4 8. f3 Bg6 9. Nxg6 hxg6 10. Qxd4 Nc6 11. Qd3 e5 12. Be3 Bd6 13. h3 Qe7 14. Bg5 0-0-0 15. Nc3 Bc5+ 16. Kh1 Nb4 17. Qd2 Qe6 18. Rad1 e4 1-0

[Event "London Classic op"]
[Site "London"]
[Date "2017.12.06"]
[Round "6"]
[White "Sumit, Kumar1111"]
[Black "Busse, Tom Niklas"]
[Result "1-0"]
[WhiteElo "2176"]
[BlackElo "1996"]
[PlyCount "111"]
[EventDate "2017.12.02"]
[EventType "swiss"]
[EventRounds "9"]
[EventCountry "ENG"]
[SourceTitle "CBM 182 Extra"]
[Source "ChessBase"]
[SourceDate "2018.02.23"]
[SourceVersion "1"]
[SourceVersionDate "2018.02.23"]
[SourceQuality "1"]

1. e4 c6 2. d4 d5 3. exd5 cxd5 4. c4 Nf6 5. Nc3 g6 6. h3 Bg7 7. Nf3 0-0 8. Be2 Nc6 9. 0-0 a6 10. a3 dxc4 11. Bxc4 b5 12. Ba2 e6 13. Be3 Ne7 14. Ne5 Bb7 15. Rc1 Nfd5 16. Nxd5 Nxd5 17. Nd3 Nxe3 18. fxe3 Qg5 19. Qe2 Bh6 20. Rfe1 Rac8 21. Nc5 Ba8 22. Qg4 Qxg4 23. hxg4 e5 24. dxe5 Rfd8 25. e6 Bd5 26. e7 Bxa2 27. exd8Q+ Rxd8 28. Rc2 Rc8 29. b4 Be6 30. g5 Bxg5 31. Nxe6 Rxc2 32. Nxg5 Ra2 33. Rd1 Rxa3 34. Kf2 a5 35. bxa5 Rxa5 36. Kf3 b4 37. Ne4 f5 38. Nf2 b3 39. Rb1 Rb5 40. Rb2 Kf7 41. Nd3 Kf6 42. Nc1 Rc5 43. Nxb3 Rb5 44. Rb1 Kg5 45. Nd2 Ra5 46. Kg3 h5 47. Nf3+ Kh6 48. Rb6 Ra7 49. Nh4 Kh7 50. Rxg6 Ra3 51. Re6 Kg7 52. Nxf5+ Kf7 53. Rh6 Ra5 54. Kf4 Ra4+ 55. e4 Rb4 56. Rxh5 1-0

[Event "London Classic op"]
[Site "London"]
[Date "2017.12.04"]
[Round "4"]
[White "Chidi, Lovinia Sylvia"]
[Black "Busse, Tom Niklas"]
[Result "1/2-1/2"]
[WhiteElo "1676"]
[BlackElo "1996"]
[PlyCount "78"]
[EventDate "2017.12.02"]
[EventType "swiss"]
[EventRounds "9"]
[EventCountry "ENG"]
[SourceTitle "CBM 182 Extra"]
[Source "ChessBase"]
[SourceDate "2018.02.23"]
[SourceVersion "1"]
[SourceVersionDate "2018.02.23"]
[SourceQuality "1"]

1. d4 d5 2. c4 c6 3. e3 Nf6 4. Nf3 e6 5. a3 Bd6 6. Nc3 Nbd7 7. Bd3 0-0 8. 0-0 dxc4 9. Bxc4 b5 10. Bd3 a5 11. e4 e5 12. Bg5 exd4 13. Nxd4 Ne5 14. Be2 h6 15. Bh4 Ng6 16. Bg3 Bxg3 17. hxg3 Qb6 18. Nf3 Re8 19. Qd4 c5 20. Qe3 Ng4 21. Qc1 c4 22. Nh2 Nf6 23. Bf3 Ne5 24. Qc2 Bb7 25. b3 Rac8 26. bxc4 Rxc4 27. Be2 Rc7 28. Qb2 Qd4 29. Rac1 Nxe4 30. Qxb5 Rec8 31. Nxe4 Qxe4 32. Bf3 Nxf3+ 33. gxf3 Qd5 34. Qxd5 Bxd5 35. Rxc7 Rxc7 36. Rd1 Be6 37. Rd8+ Kh7 38. Ra8 Bh3 39. Ng4 Bxg4 1/2-1/2

[Event "London Classic op"]
[Site "London"]
[Date "2017.12.03"]
[Round "3"]
[White "Busse, Tom Niklas"]
[Black "Richardson, John R"]
[Result "0-1"]
[WhiteElo "1996"]
[BlackElo "2243"]
[PlyCount "106"]
[EventDate "2017.12.02"]
[EventType "swiss"]
[EventRounds "9"]
[EventCountry "ENG"]
[SourceTitle "CBM 182 Extra"]
[Source "ChessBase"]
[SourceDate "2018.02.23"]
[SourceVersion "1"]
[SourceVersionDate "2018.02.23"]
[SourceQuality "1"]

1. c4 Nf6 2. g3 e6 3. Bg2 d5 4. Nf3 dxc4 5. Qa4+ Bd7 6. Qxc4 c5 7. 0-0 Bc6 8. Nc3 Nbd7 9. d4 Rc8 10. Qd3 cxd4 11. Qxd4 Bc5 12. Qh4 0-0 13. e4 Be7 14. Qf4 Qa5 15. Nd4 Ne5 16. Bd2 Nd3 17. Qf3 Qa6 18. Nxc6 Rxc6 19. Rab1 Rd8 20. Qe2 Nb4 21. Qxa6 Rxa6 22. Be3 Nxa2 23. Nxa2 Rxa2 24. Rfd1 Ng4 25. Rxd8+ Bxd8 26. Rd1 Bf6 27. Bc5 Rxb2 28. h3 Rc2 29. Bxa7 Ne5 30. f4 Nc6 31. e5 Nxa7 32. exf6 gxf6 33. Bxb7 Nb5 34. Be4 Ra2 35. Rf1 Nd4 36. Rf2 Ra3 37. Kg2 Re3 38. Bc2 Ne2 39. g4 e5 40. fxe5 fxe5 41. Bxh7+ Kxh7 42. Rxf7+ Kg6 43. Rf5 Nd4 44. Kf2 Re2+ 45. Kf1 Re4 46. Rh5 Kf6 47. Kf2 Re2+ 48. Kg3 Re3+ 49. Kf2 Ra3 50. h4 e4 51. Rd5 e3+ 52. Kf1 e2+ 53. Kf2 Rf3+ 0-1

[Event "Hamburg St Pauli op-A"]
[Site "Hamburg"]
[Date "2015.07.22"]
[Round "6"]
[White "Besenthal, Klaus Guenther"]
[Black "Busse, Tom Niklas"]
[Result "0-1"]
[WhiteElo "2137"]
[BlackElo "1861"]
[PlyCount "32"]
[EventDate "2015.07.18"]
[EventType "swiss"]
[EventRounds "9"]
[EventCountry "GER"]
[SourceTitle "EXT 2016"]
[Source "ChessBase"]
[SourceDate "2015.10.08"]
[SourceVersion "1"]
[SourceVersionDate "2015.10.08"]
[SourceQuality "1"]

1. e4 c6 2. Nc3 d5 3. d3 Nd7 4. exd5 cxd5 5. Nxd5 e5 6. Bd2 Ngf6 7. Nxf6+ Nxf6 8. Nf3 Bc5 9. Bc3 Qb6 10. Qe2 0-0 11. 0-0-0 Bd4 12. Bxd4 exd4 13. h3 Be6 14. a3 Rac8 15. Kb1 Nd5 16. Ka1 Nc3 0-1

[Event "Hamburg St Pauli op-A"]
[Site "Hamburg"]
[Date "2015.07.21"]
[Round "5"]
[White "Busse, Tom Niklas"]
[Black "Behler, Sven"]
[Result "1/2-1/2"]
[WhiteElo "1861"]
[BlackElo "2070"]
[PlyCount "75"]
[EventDate "2015.07.18"]
[EventType "swiss"]
[EventRounds "9"]
[EventCountry "GER"]
[SourceTitle "EXT 2016"]
[Source "ChessBase"]
[SourceDate "2015.10.08"]
[SourceVersion "1"]
[SourceVersionDate "2015.10.08"]
[SourceQuality "1"]

1. c4 e5 2. g3 Nf6 3. Bg2 c6 4. d4 Bb4+ 5. Nc3 Qa5 6. dxe5 Bxc3+ 7. bxc3 Qxc3+ 8. Bd2 Qxe5 9. Nf3 Qe7 10. Bf4 d5 11. Ne5 g5 12. cxd5 gxf4 13. dxc6 0-0 14. Rb1 Nxc6 15. Nxc6 bxc6 16. Bxc6 Bf5 17. Rb5 Rad8 18. Qc1 Bd7 19. Bxd7 Qxd7 20. Rg5+ Kh8 21. 0-0 f3 22. Qf4 Qe6 23. Qxf3 Ne4 24. Ra5 Rd7 25. Qf4 f6 26. Rc1 Rfd8 27. Rc7 Ng5 28. Rxd7 Rxd7 29. Qb8+ Kg7 30. Rxa7 Qd5 31. Rxd7+ Qxd7 32. h4 Qd1+ 33. Kh2 Nf7 34. Qe8 Qf1 35. Qe3 Nh6 36. Qe7+ Kg6 37. Qe8+ Kg7 38. Qe7+ 1/2-1/2